header

From neutrality to commitment (Record no. 239058)

MARC details
000 -LEADER
fixed length control field 01535nam a2200361Ia 4500
082 04 - DEWEY DECIMAL CLASSIFICATION NUMBER
Classification number 327.492009045
100 1# - MAIN ENTRY--AUTHOR NAME
Personal name Mallinson, Bill.
245 10 - TITLE STATEMENT
Title From neutrality to commitment
260 ## - PUBLICATION, DISTRIBUTION, ETC. (IMPRINT)
Place of publication London :
Name of publisher Tauris Academic Studies,
Year of publication 2010.
300 ## - PHYSICAL DESCRIPTION
Number of Pages xvi, 300 p.
490 1# - SERIES STATEMENT
Series statement International library of twentieth century history ;
650 #0 - SUBJECT ADDED ENTRY--TOPICAL TERM
Topical Term European federation.
856 40 - ELECTRONIC LOCATION AND ACCESS
Uniform Resource Identifier http://site.ebrary.com/lib/rucke/Doc?id=10424561

No items available.

© 2026 Rongo University
Contact us: librarian | system librarian | Rongo university